000 00801nam a2200253 a 4500
001 26879
003 BD-RjUL
005 20211209051059.0
008 140323s1982 ru 000 0 eng
035 _a(BD-RjUL)26950
040 _aDLC
_cDLC
_dDLC
_dBD-RjUL
_beng
041 1 _aengrus
082 0 0 _a327.174
_219
_bHOW 1982
245 0 0 _aHow the USSR is working for disarmament at the UN :
_bselected documents /
_ccompiled by Sergei Batsanov.
260 _aMoscow :
_bNovosti Press Agency Pub. House,
_c1982.
300 _a207 p. ;
_c17 cm.
650 0 _aNuclear disarmament.
_982602
650 0 _aDisarmament.
_982603
651 0 _aSoviet Union
_xForeign relations
_y1945-1991.
_92854
700 1 _aBatsanov, Sergei.
_982604
942 _2ddc
_cBK
999 _c26879
_d26879